S chuťou na cestách
Čerpacie stanice okrem svojich základných služieb rozširujú predaj občerstvenia a doplnkových služieb. Príkladom sú spolupráce s retailovými alebo kávovými reťazcami. Čerpacie stanice výrazne rozširujú portfólio ponúkaných potravín. Konkrétne služby a tovary závisia od charakteru a lokality, v ktore...
Enregistré dans:
| Auteur principal: | |
|---|---|
| Format: | Chapitre de livre |
| Langue: | slovaque |
| Sujets: | |
| Tags: |
Pas de tags, Soyez le premier à ajouter un tag!
|
MARC
| LEADER | 00000naa a2200000 4500 | ||
|---|---|---|---|
| 001 | 0240902 | ||
| 005 | 20180306103548.6 | ||
| 041 | 0 | |a slo | |
| 044 | |a SK | ||
| 245 | 1 | 0 | |a S chuťou na cestách |c Katarína Mikulcová |
| 520 | |a Čerpacie stanice okrem svojich základných služieb rozširujú predaj občerstvenia a doplnkových služieb. Príkladom sú spolupráce s retailovými alebo kávovými reťazcami. Čerpacie stanice výrazne rozširujú portfólio ponúkaných potravín. Konkrétne služby a tovary závisia od charakteru a lokality, v ktorej sa pumpa nachádza. | ||
| 610 | 2 | 0 | |a spokojnosť zákazníkov |
| 610 | 2 | 0 | |a stanice čerpacie |
| 610 | 2 | 0 | |a retailing |
| 610 | 2 | 0 | |a komunikácia marketingová |
| 100 | 1 | |a Mikulcová, Katarína | |